000
00329nam a2200145Ia 4500
005
20251222143203.0
008
251222s9999||||xx |||||||||||||| ||spa||
020
_a
84-234-0614-8
082
_a
658.154/M48
100
_a
Meyer, Jean
245
0
_a
Gestión Presupuestaria
250
_a
4a.ed.
264
_b
DUESTO
942
_c
LIB
999
_c
13139
_d
13139